000 00444nam a2200169Ia 4500
999 _c26381
_d26381
003 OSt
005 20210106121515.0
008 190216s9999||||xx |||||||||||||| ||und||
040 _coclc
082 _a100
_bAPP/T
100 _aAppan, K P
_96949
245 0 _aThiraskaram /
_cK P Appan
260 _bNbs Kottayam
_aKottayam:
_c1984.
300 _a40
650 _aPhilosophy
942 _cBK
_2ddc
_h100
_iAPP/T
_k100
_mAPP/T